[Event "Hamburg IM"]
[Site "Hamburg"]
[Date "1999.01.16"]
[Round "7"]
[White "Gross, David"]
[Black "Buhr, Carl Christian"]
[Result "1/2-1/2"]
[WhiteElo "2435"]
[BlackElo "2320"]

1.e4 c5 2.Nf3 Nc6 3.d4 cxd4 4.Nxd4 Qc7 5.Nc3 e6 6.Nxc6 dxc6 7.Bd3 e5 8.O-O Bd6
9.Kh1 h5 10.Be3 Nf6 11.Na4 Ng4 12.Bd2 Be6 13.f3 Nf6 14.Qe1  1/2-1/2

[Event "Hamburg IM"]
[Site "Hamburg"]
[Date "1999.01.19"]
[Round "10"]
[White "Klovans, Janis"]
[Black "Gustafsson, Jan"]
[Result "0-1"]
[WhiteElo "2465"]
[BlackElo "2410"]

1.e4 c5 2.Nf3 Nc6 3.d4 cxd4 4.Nxd4 Qc7 5.Nc3 e6 6.Be2 a6 7.O-O b5 8.Nxc6 dxc6
9.f4 Bb7 10.Be3 Be7 11.Qe1 c5 12.Bf3 b4 13.Na4 Nf6 14.e5 Nd5 15.c3 Bc6 16.Bxd5 exd5
17.Nxc5 Bb5 18.cxb4 Bxf1 19.Qxf1 Qc6 20.f5 O-O 21.Rc1 d4 22.Bxd4 Rfd8 23.Qf4 Qd5
24.Bc3 a5 25.a3 axb4 26.axb4 Bxc5+ 27.bxc5 Qxc5+ 28.Kh1 Rd3 29.h3 Rad8 30.Qg4 Qe3
31.Re1 Qg3 32.Qe4 Rd1 33.e6 Rxe1+ 34.Bxe1 Qd6 35.Bb4 Qc7 36.e7 Re8 37.Qe3 Qc4
38.Bc5 Qf1+ 39.Kh2 Qxf5 40.b4 Qd7 41.Qe5 Qb5 42.Qd5 Rxe7 43.Qd6 Re8 44.Qg3 Qc4
45.Bd6 Qd5  0-1

[Event "Geneve op"]
[Site "Geneve"]
[Date "1999.01.25"]
[Round "3"]
[White "Astengo, Corrado"]
[Black "Lukasiewicz, Grzegorz"]
[Result "0-1"]
[WhiteElo "2191"]
[BlackElo "2362"]

1.e4 c5 2.Nf3 Nc6 3.d4 cxd4 4.Nxd4 Qb6 5.Nb3 Nf6 6.Nc3 e6 7.Be3 Qc7 8.a3 a6
9.Bd3 d6 10.f4 Be7 11.Qf3 Rb8 12.O-O O-O 13.Rae1 g6 14.Nd4 Bd7 15.Nxc6 Bxc6
16.Ba7 Rbc8 17.Bd4 b5 18.Qh3 Rfe8 19.e5 Nd7 20.f5 exf5 21.e6 fxe6 22.Rxe6 Ne5
23.Bxf5 gxf5 24.Qg3+ Kf7 25.Rh6 Rh8 26.Rxf5+ Ke8 27.Re6 Qd7 28.Rxe7+ Qxe7
29.Bxe5 Qe6 30.Rg5 h6 31.Rh5 Rg8 32.Rxh6 Qf7 33.Bg7 Rxg7 34.Rh8+ Kd7 35.Qh3+ Qe6
36.Qxe6+ Kxe6 37.Rxc8 Kd7 38.Rh8 Rxg2+ 39.Kf1 Rxc2 40.Rh7+ Kc8 41.Nd1 Bf3
42.Ne3 Rxb2 43.Rh6 Kc7 44.Nf5 Rd2 45.h4 a5 46.Ne3 d5 47.h5 b4 48.axb4 axb4
49.Rh7+ Kc6 50.Rh8 b3 51.Rb8 b2 52.h6 Be4 53.Ke1 Rh2 54.Nf1 Rg2 55.Nd2 Rxd2  0-1

[Event "Geneve op"]
[Site "Geneve"]
[Date "1999.01.28"]
[Round "6"]
[White "Paleologu, Vladimir"]
[Black "Nenashev, Alexander"]
[Result "0-1"]
[WhiteElo "2072"]
[BlackElo "2616"]

1.e4 c5 2.Nf3 Nc6 3.d4 cxd4 4.Nxd4 Qc7 5.Nc3 e6 6.Bc4 a6 7.Be3 Nf6 8.a3 b5
9.Bb3 Bb7 10.f3 Rc8 11.O-O Bd6 12.f4 Bc5 13.e5 Nxd4 14.Bxd4 Qc6 15.Rf2 Ng4
16.Qxg4 Bxd4 17.Qxg7 Bxf2+ 18.Kxf2 Qc5+ 19.Ke2 Qf8 20.Qxf8+ Rxf8 21.g3 Ke7
22.Rd1 f6 23.exf6+ Rxf6 24.Ke3 Rf5 25.Ne2 Rh5 26.h4 Rg8 27.Kf2 Be4 28.Nd4 Bd5
29.c3 Bxb3 30.Nxb3 Rf5 31.Kf3 h5 32.Rd3 Rc8 33.Nd4 Rd5 34.Re3 Kf6 35.Kg2 a5
36.b4 axb4 37.axb4 Ra8 38.Re2 Ra3 39.Rc2 d6 40.Ne2 Rd3 41.Kf2 e5 42.Kg2 e4
43.Kf2 d5 44.Rb2 Ra1 45.Nd4 Rxc3 46.Nxb5 Rf3+ 47.Kg2 Rd3 48.Nc7 Kf5 49.b5 Kg4
50.b6 Rxg3+ 51.Kh2 Rh3+ 52.Kg2 Rah1  0-1

[Event "Yangon schev"]
[Site "Yangon"]
[Date "1999.02.01"]
[Round "2"]
[White "Myo Naing"]
[Black "Liang Jinrong"]
[Result "1/2-1/2"]
[WhiteElo "2445"]
[BlackElo "2470"]

1.e4 c5 2.Nf3 Nc6 3.d4 cxd4 4.Nxd4 Qc7 5.Nb5 Qb8 6.c4 Nf6 7.N5c3 e6 8.Be3 b6
9.Be2 Bc5 10.Qd2 Bb7 11.O-O Bxe3 12.Qxe3 O-O 13.Na3 d5 14.cxd5 exd5 15.exd5 Nb4
16.Bf3 Nbxd5 17.Nxd5 Nxd5 18.Qb3 Nf4 19.Rfe1 Ne6 20.Rad1 Nc5 21.Qe3 Re8 22.Qxe8+ Qxe8
23.Rxe8+ Rxe8 24.Bxb7 Nxb7 25.Kf1  1/2-1/2

[Event "Goodricke 10th op"]
[Site "Calcutta"]
[Date "1999.02.06"]
[Round "1"]
[White "Slobodjan, Roman"]
[Black "Reefat bin Satter"]
[Result "1-0"]
[WhiteElo "2535"]
[BlackElo "2350"]

1.e4 c5 2.Nf3 Nc6 3.d4 cxd4 4.Nxd4 Qc7 5.Nc3 e6 6.g3 a6 7.Bg2 Nf6 8.O-O Bc5
9.Nb3 Ba7 10.Bf4 Ne5 11.Nc1 d6 12.Nd3 h6 13.Qe2 Bd7 14.Rad1 g5 15.Be3 Bxe3
16.Qxe3 Nc4 17.Qf3 Ke7 18.Rfe1 g4 19.Qf4 Ne5 20.Re2 Rag8 21.Qe3 b5 22.Nb1 Re8
23.c3 Qc4 24.b3 Qc7 25.Red2 Qb7 26.Qd4 Nc6 27.e5 dxe5 28.Qc5+ Kd8 29.Nxe5 Ne7
30.Bxb7  1-0

[Event "Goodricke 10th op"]
[Site "Calcutta"]
[Date "1999.02.11"]
[Round "6"]
[White "Ganguly, Surya Shekhar"]
[Black "Kabir, S Ruhul"]
[Result "1-0"]
[WhiteElo "2340"]
[BlackElo "2250"]

1.e4 c5 2.Nf3 Nc6 3.d4 cxd4 4.Nxd4 Qc7 5.Nc3 e6 6.Ndb5 Qb8 7.Be3 a6 8.Bb6 axb5
9.Nxb5 Bb4+ 10.c3 Ba5 11.Nc7+ Kf8 12.Nxa8 Qxa8 13.Qd6+ Nge7 14.Qa3 Qb8 15.Bxa5 Qe5
16.Bb6 Qxe4+ 17.Be3 f5 18.O-O-O Kf7 19.Bc5 Ng6 20.f3 Qf4+ 21.Kb1 d5 22.Bb5 Rd8
23.Bb6 Rd7 24.Qa8 Nge7 25.a4 Qd6 26.Rd2 Ne5 27.a5 N5c6 28.Re1 e5 29.Rde2 e4
30.Rd1 Qe6 31.fxe4 dxe4 32.Rxd7 Qxd7 33.Kc1 Qd5 34.Bxc6 Qxc6 35.Qb8 Nd5 36.Qe5 Nb4
37.Qc7+ Qxc7 38.Bxc7 Nd3+ 39.Kc2 Be6 40.Re3 Bd5 41.g3 g5 42.Rxd3 exd3+ 43.Kxd3 Ke7
44.c4 Bg2 45.Kd4 Kd7 46.Be5 Ke6 47.b4 h5 48.b5 Bf3 49.c5 Be2 50.c6 bxc6 51.bxc6 Bf3
52.Kc5 Be2 53.Kb6 f4 54.c7  1-0

[Event "Goodricke 10th op"]
[Site "Calcutta"]
[Date "1999.02.16"]
[Round "11"]
[White "Bakre, Tejas"]
[Black "Chandar, Sandipan"]
[Result "0-1"]
[WhiteElo "2330"]
[BlackElo "2405"]

1.e4 c5 2.Nf3 Nc6 3.d4 cxd4 4.Nxd4 Qb6 5.Nb3 Nf6 6.Nc3 e6 7.Bd3 d6 8.O-O Be7
9.Be3 Qc7 10.f4 a6 11.Qf3 O-O 12.a4 b6 13.Qh3 Bb7 14.Rae1 g6 15.f5 exf5 16.exf5 Ne5
17.Bh6 Rfe8 18.Bg5 Qd8 19.Nd4 Nfg4 20.Bxe7 Qxe7 21.Be4 d5 22.fxg6 hxg6 23.Bd3 Qc5
24.Ne2 Re7 25.Kh1 Rae8 26.c3 Nxd3 27.Qxd3 Qd6 28.Qg3 Qxg3 29.hxg3 a5 30.b4 Bc8
31.Kg1 Kh7 32.Rf3 Bf5 33.Rf4 Bd7 34.bxa5 bxa5 35.Rb1 f5 36.Rb2 Bxa4 37.Rf1 Bd7
38.Ra1 a4 39.Rb7 Kh6 40.Kf1 g5 41.Ra2 Ne3+ 42.Kf2 Nc4 43.Nb5 Bxb5 44.Rxb5 Re5
45.Nd4 a3 46.Rb7 Ne3 47.Rb1 Nc4 48.Rb7 g4 49.Rb5 Nb2 50.Rbxb2 axb2 51.Rxb2 Kg5
52.Ne2 R8e6 53.Nf4 Rc6 54.Rd2 Rxc3 55.Nxd5 Rc6 56.Nf4 Rec5 57.Ne2 Rc2 58.Rd3 Re6
59.Re3 Kf6 60.Rxe6+ Kxe6 61.Ke3 Ke5 62.Nf4 Rc3+ 63.Kf2 Ke4 64.Nh5 Rc2+ 65.Kg1 Ke3
66.Kh2 Kf2 67.Ng7 Rc7 68.Nxf5 Rh7+ 69.Nh4 Rh6  0-1

[Event "United Insurance 4th"]
[Site "Dhaka"]
[Date "1999.02.24"]
[Round "6"]
[White "Zagrebelny, Sergey"]
[Black "Reefat bin Satter"]
[Result "1-0"]
[WhiteElo "2506"]
[BlackElo "2354"]

1.e4 c5 2.Nf3 Nc6 3.d4 cxd4 4.Nxd4 Qc7 5.Nc3 e6 6.Be3 a6 7.Qd2 Nf6 8.f3 Bb4
9.Nb3 Ne5 10.Bd4 h6 11.a3 Be7 12.Bxe5 Qxe5 13.f4 Qc7 14.e5 Nh7 15.O-O-O b6
16.Ne4 Bb7 17.Nd6+ Bxd6 18.Qxd6 Rc8 19.Qxc7 Rxc7 20.h4 f6 21.Rd6 fxe5 22.fxe5 b5
23.Bd3 O-O 24.Rf1 Rxf1+ 25.Bxf1 Nf8 26.Bd3 Kf7 27.g4 Ng6 28.Bxg6+ Kxg6 29.Nd4 Kf7
30.Kd2 Ke7 31.b4 Rc4 32.Kd3 Bc6 33.Nxc6+  1-0

[Event "Belisce Metalis op 6th"]
[Site "Belisce"]
[Date "1999.02.26"]
[Round "4"]
[White "Feletar, Darko"]
[Black "Delchev, Aleksander"]
[Result "1-0"]
[WhiteElo "2376"]
[BlackElo "2548"]

1.e4 c5 2.Nf3 Nc6 3.d4 cxd4 4.Nxd4 Qc7 5.Nc3 e6 6.Be3 a6 7.Bd3 Nf6 8.O-O Ne5
9.h3 Bc5 10.Qe2 d6 11.Nb3 Bxe3 12.Qxe3 b5 13.f4 Ned7 14.Qg3 Bb7 15.Rae1 b4
16.Nd1 O-O 17.e5 dxe5 18.fxe5 Nd5 19.Qh4 g6 20.Qg5 Rae8 21.Nf2 f5 22.exf6 N7xf6
23.Ne4 Nxe4 24.Bxe4 e5 25.Rxf8+ Rxf8 26.Bxd5+ Bxd5 27.Qxe5 Qf7 28.Qe3 Rc8
29.Re2 Bc4 30.Rf2 Qd5 31.Nd2 Bb5 32.Ne4 Kg7 33.Qf4 Re8 34.Qf6+ Kg8 35.Qxg6+ hxg6
36.Nf6+ Kg7 37.Nxd5 Re1+ 38.Kh2 a5 39.b3 Bc6 40.Nf4 Ra1 41.Ne6+ Kg8 42.Rf8+ Kh7
43.Rc8  1-0

[Event "ISL-chT9899"]
[Site "Reykjavik"]
[Date "1999.03.05"]
[Round "?"]
[White "Thorhallsson, Throstur"]
[Black "Riemersma, Liafbern"]
[Result "1-0"]
[WhiteElo "2499"]
[BlackElo "2420"]

1.e4 c5 2.Nf3 Nc6 3.d4 cxd4 4.Nxd4 Qc7 5.Nb5 Qb8 6.a4 Nf6 7.Bd3 e6 8.f4 a6
9.N5c3 d6 10.Be3 Be7 11.Nd2 d5 12.e5 d4 13.exf6 gxf6 14.Bf2 dxc3 15.bxc3 Qxf4
16.Nc4 Bd7 17.O-O h5 18.Rb1 Qc7 19.Bb6 Qb8 20.Qf3 Ne5 21.Nxe5 Qxe5 22.Bd4 Bc5
23.Qxb7 Bxd4+ 24.cxd4 Qxd4+ 25.Kh1 Rd8 26.Rb4 Bc8 27.Qc6+ Qd7 28.Qc3 Rg8
29.Qxf6 Qe7 30.Qf3 Rg5 31.Rb8 Kf8 32.Be4 e5 33.Qc3 Be6 34.Rb7 Qf6 35.Kg1 Bf5
36.h4 Bxe4 37.hxg5 Qxg5 38.Rfxf7+  1-0

[Event "Victor Ciocaltea Memorial"]
[Site "Bucharest"]
[Date "1999.03.07"]
[Round "4"]
[White "Vukovic, Zdravko"]
[Black "Vasilescu, Lucian"]
[Result "0-1"]
[WhiteElo "2483"]
[BlackElo "2381"]

1.e4 c5 2.Nf3 Nc6 3.d4 cxd4 4.Nxd4 Qc7 5.Be2 e6 6.Nc3 a6 7.O-O Nf6 8.Kh1 Nxd4
9.Qxd4 Bc5 10.Qd2 O-O 11.Qg5 Bd4 12.Bd3 Qe5 13.Qh4 Qh5 14.Qg3 d5 15.f3 Be5
16.Bf4 Bxf4 17.Qxf4 e5 18.Qg3 d4 19.Ne2 Bd7 20.c3 dxc3 21.Nxc3 Be6 22.Rfd1 Rfd8
23.Be2 h6 24.Qf2 Nd7 25.Rd6 Qg5 26.Rad1 Nf8 27.Qb6 Rxd6 28.Qxd6 Ng6 29.Bf1 Rc8
30.Qb6 Qe7 31.Kg1 Qc7 32.Qxc7 Rxc7 33.Rd8+ Nf8 34.g3 g5 35.Nd5 Rc2 36.Ne7+ Kg7
37.Nf5+ Bxf5 38.exf5 Rxb2 39.Bc4 Rb6 40.Bd5 Rb1+ 41.Kf2 Rd1 42.Rd6 h5 43.f6+ Kh6
44.Rd8 Ng6 45.Rd7 b5 46.Be6 Rxd7 47.Bxd7 Nf8 48.Bf5 Nh7 49.Bc8 a5 50.Ba6 b4
51.Bc4 Nxf6 52.Bxf7 Nd7 53.Ke3 Nc5 54.h4 a4 55.Kd2 g4 56.Bd5 Kg6 57.fxg4 hxg4
58.Kc2 Kf5 59.Bc4 e4 60.Bb5 e3 61.Kd1 a3 62.Kc2 Kg6 63.Bc4 Kh6 64.Be2 Kh5
65.Bc4 b3+ 66.axb3 a2 67.Kb2 Nxb3  0-1

[Event "BL2-O9899"]
[Site "Germany"]
[Date "1999.03.07"]
[Round "7.5"]
[White "Kyas, Juergen"]
[Black "Lukasiewicz, Grzegorz"]
[Result "1/2-1/2"]
[WhiteElo "2260"]
[BlackElo "2365"]

1.e4 c5 2.Nf3 Nc6 3.d4 cxd4 4.Nxd4 Qb6 5.Nb3 e6 6.Nc3 Nf6 7.Be3 Qc7 8.Bd3 d6
9.f4 a6 10.g4 b5 11.g5 Nd7 12.Qf3 Bb7 13.O-O-O Na5 14.Nxa5 Qxa5 15.Kb1  1/2-1/2

[Event "Bucharest TIT"]
[Site "Bucharest"]
[Date "1999.03.10"]
[Round "10"]
[White "Solcanean, Serghei"]
[Black "Brajovic, Radovan"]
[Result "0-1"]
[WhiteElo "2260"]
[BlackElo "2364"]

1.e4 c5 2.Nf3 Nc6 3.d4 cxd4 4.Nxd4 Qc7 5.Nc3 e6 6.Be2 a6 7.a4 Nf6 8.O-O Bb4
9.Nxc6 bxc6 10.Bd2 a5 11.Bd3 h5 12.Qe2 Ng4 13.f4 Qb6+ 14.Kh1 d6 15.h3 Bb7
16.g3 Nf6 17.Na2 Bxd2 18.Qxd2 c5 19.Nc3 c4 20.Bxc4 Nxe4 21.Nxe4 Bxe4+ 22.Kh2 O-O
23.b3 Qc5 24.Ra2 Rac8 25.Qe2 Qf5 26.Rf2 d5 27.Ba6 Rc3 28.Qd2 Qf6 29.Be2 g6
30.Ba6 Rb8 31.Be2 Rbc8 32.Bd1 h4 33.g4 Rg3 34.c4 dxc4 35.bxc4 Rxc4 36.Be2 Rcc3
37.Bf1 Rb3 38.Qxa5 Rgf3 39.Qe5 Qxe5 40.fxe5 Rxf2+ 41.Rxf2 Ra3 42.Bb5 Ra1
43.Bf1 Rxa4 44.Rf4 g5 45.Rf2 Ra5 46.Rd2 Kg7 47.Kg1 Rxe5 48.Re2 f5 49.gxf5 exf5  0-1

[Event "Novgorod op"]
[Site "Novgorod"]
[Date "1999.03.20"]
[Round "2"]
[White "Galkin, Alexander"]
[Black "Poluljahov, Aleksandr"]
[Result "0-1"]
[WhiteElo "2507"]
[BlackElo "2566"]

1.e4 c5 2.Nf3 Nc6 3.d4 cxd4 4.Nxd4 Qc7 5.Nc3 e6 6.Be2 a6 7.O-O Nf6 8.Be3 Be7
9.f4 d6 10.a4 O-O 11.Kh1 Re8 12.Bf3 Bf8 13.Qd2 Na5 14.Qf2 Nc4 15.Bc1 e5 16.Nde2 d5
17.fxe5 Nxe5 18.Bf4 dxe4 19.Nxe4 Qxc2 20.Nxf6+ gxf6 21.Qg3+ Qg6 22.Be4 f5
23.Bd5 Nc6 24.Qf3 Be6 25.Rad1 Qg4 26.Nd4 Qxf3 27.Bxf3 Rac8 28.Nxc6 bxc6 29.Rc1 Bd5
30.Bxd5 cxd5 31.Rxc8 Rxc8 32.Be5 Bg7 33.Bxg7 Kxg7 34.Kg1 Kf6 35.g4 Rc4 36.Rxf5+ Ke6
37.h3 Rxa4 38.Rf2 f6 39.Kg2 Rb4 40.Re2+ Kd6 41.Kf2 a5 42.Kg3 Rb3+ 43.Kg2 d4
44.h4 Kd5 45.Rf2 Ke4 46.Rxf6 Rxb2+ 47.Kg3 d3  0-1

[Event "Bled op"]
[Site "Bled"]
[Date "1999.03.21"]
[Round "2"]
[White "Bojkovic, Natasa"]
[Black "Kragelj, Igor"]
[Result "1-0"]
[WhiteElo "2424"]
[BlackElo "2225"]

1.e4 c5 2.Nf3 Nc6 3.d4 cxd4 4.Nxd4 Qc7 5.Nb5 Qb8 6.c4 Nf6 7.N5c3 b6 8.g3 Bb7
9.Bg2 e6 10.O-O Be7 11.Bf4 d6 12.Nd2 O-O 13.Rc1 Ne5 14.Qe2 Qc7 15.Nb5 Qb8
16.h3 a6 17.Nc3 Qc7 18.Be3 Rab8 19.f4 Ng6 20.Qf2 Ba8 21.a3 Nd7 22.b4 Rfe8
23.Ne2 Nf6 24.Kh1 Bf8 25.g4 Rec8 26.g5 Nd7 27.Rc3 Ne7 28.h4 Qd8 29.Rd3 d5
30.cxd5 exd5 31.exd5 Nf5 32.Nd4 Nxd4 33.Bxd4 Rc2 34.Rc3 Rxc3 35.Bxc3 b5 36.Nb3 Nb6
37.Rd1 Rc8 38.Nc5 Bxc5 39.bxc5 Na4 40.Qd4 Nxc3 41.Qxc3 Qc7 42.d6 Bxg2+ 43.Kxg2 Qd7
44.Kg3  1-0

[Event "Bled op"]
[Site "Bled"]
[Date "1999.03.22"]
[Round "3"]
[White "Sax, Gyula"]
[Black "Wilhelmi, Christian"]
[Result "1-0"]
[WhiteElo "2524"]
[BlackElo "2446"]

1.e4 c5 2.Nf3 Nc6 3.d4 cxd4 4.Nxd4 Qc7 5.Nc3 e6 6.Be3 a6 7.Bd3 Nf6 8.Qe2 Bd6
9.O-O-O Be5 10.Nxc6 bxc6 11.Na4 Rb8 12.b3 d5 13.Bc5 Bd6 14.Bxd6 Qxd6 15.Kb1 Qa3
16.Qe3 O-O 17.Ka1 Nd7 18.Rhe1 e5 19.exd5 cxd5 20.Bf5 Qd6 21.Bxd7 Bxd7 22.Qxe5 Qg6
23.Nc5 Rbe8 24.Qc3 Bf5 25.Rxe8 Rxe8 26.Rxd5 Bxc2 27.g3 h6 28.Kb2 Bf5 29.Rd2 Qb6
30.f3 Bg6 31.h4 Rc8 32.Rd5 Qc6 33.Qd4 h5 34.g4 hxg4 35.fxg4 Qc7 36.h5 Qh2+
37.Ka3 Bb1 38.Qb2 Qc7 39.Qxb1 Qa5+ 40.Kb2 Rxc5 41.Rxc5 Qxc5 42.Qe4 Qd6 43.b4 g6
44.hxg6 fxg6 45.Kb3 Kh7 46.Qc4 Qd1+ 47.Ka3 Kh6 48.Qf4+ Kh7 49.Qe4 Qf1 50.Qe7+ Kg8
51.Qe6+ Kh7 52.Qd7+ Kh6 53.Ka4 Qc4 54.a3 Qc1 55.Qe6 Qf1 56.Qe3+ Kh7 57.Qe7+ Kh6
58.Qd7 Qf3 59.Qd2+ Kh7 60.Qh2+ Kg7 61.Qc7+ Kh6 62.Qc1+ g5 63.Qc4 Kh7 64.Qe6 Kg7
65.Qe7+ Kg6 66.Qd7 Kh6 67.Qc8 Kg7 68.Qc7+ Kh6 69.Qb6+ Kg7 70.Qa7+ Kg8 71.Qd7 Qf6
72.Qd5+ Kg7 73.Ka5 Kh6 74.Qc4 Qd8+ 75.Kxa6 Qa8+ 76.Kb5 Qxa3 77.Qe6+ Kg7 78.Qe7+ Kg6
79.Kb6 Qf3 80.Qd6+ Kg7 81.Qc7+ Kg8 82.Qc8+  1-0

[Event "Novgorod op"]
[Site "Novgorod"]
[Date "1999.03.22"]
[Round "4"]
[White "Dolmatov, Sergey"]
[Black "Beshukov, Sergei"]
[Result "1-0"]
[WhiteElo "2589"]
[BlackElo "2511"]

1.e4 c5 2.Nf3 Nc6 3.d4 cxd4 4.Nxd4 Qc7 5.Nc3 e6 6.Be2 a6 7.O-O Nf6 8.Be3 Bb4
9.Na4 Bd6 10.g3 b5 11.Nb6 Rb8 12.Nxc8 Rxc8 13.a4 Nxd4 14.Bxd4 e5 15.Be3 Bc5
16.Qd3 Bxe3 17.Qxe3 O-O 18.c3 Qc5 19.Qxc5 Rxc5 20.f3 Rb8 21.axb5 axb5 22.Ra5 Kf8
23.Kf2 Ne8 24.Rd1 Ke7 25.c4 Nc7 26.b4 Rc6 27.cxb5 Rcb6 28.Ke3 f6 29.Ra7 R8b7
30.Rxb7 Rxb7 31.Kd2 Ne6 32.Ra1 Nd4 33.Ra8 Nxe2 34.Kxe2 Rxb5 35.Ra4 d5 36.exd5 Kd6
37.Kd3 Kxd5 38.Ra5 Kc6 39.Kc4 Rb7 40.Ra6+ Kc7 41.Kc5 h5 42.h4 Kd7 43.b5 Rc7+
44.Rc6 Ra7 45.Ra6 Rc7+ 46.Kd5 Rc3 47.Ra7+ Ke8 48.Rxg7 Rxf3 49.g4 hxg4 50.h5 Rh3
51.Kc6 Rc3+ 52.Kb6 Rh3 53.Kc6 Rc3+ 54.Kb6 Rh3 55.Rh7 g3 56.Kc6 Kd8 57.b6 g2
58.Rg7 Rc3+ 59.Kb7 Rh3 60.Kc6 Rc3+ 61.Kb7 Rh3 62.Ka7 Ra3+ 63.Kb8 Rh3 64.b7 e4
65.h6 f5 66.Ka7 Ra3+ 67.Kb6 g1=Q+ 68.Rxg1 Rb3+ 69.Kc6 Rc3+ 70.Kd6  1-0

[Event "Bled op"]
[Site "Bled"]
[Date "1999.03.25"]
[Round "6"]
[White "Balinov, Ilija"]
[Black "Kragelj, Igor"]
[Result "1-0"]
[WhiteElo "2434"]
[BlackElo "2225"]

1.e4 c5 2.Nf3 Nc6 3.d4 cxd4 4.Nxd4 Qc7 5.Nc3 e6 6.Be2 a6 7.O-O Nf6 8.Be3 Be7
9.f4 d6 10.Qe1 O-O 11.Qg3 Nxd4 12.Bxd4 b5 13.a3 Bb7 14.Rae1 Bc6 15.Bd3 e5
16.fxe5 Nh5 17.exd6 Nxg3 18.dxc7 Nxf1 19.Nd5 Bxd5 20.exd5 Bd6 21.Be5 Rfe8
22.Bxd6 Rxe1 23.Kf2 Rd1 24.Bc5 Nxh2 25.Kg3 Nf1+ 26.Kf4  1-0

[Event "Bled op"]
[Site "Bled"]
[Date "1999.03.26"]
[Round "7"]
[White "Grosar, Kiti"]
[Black "Kragelj, Igor"]
[Result "1-0"]
[WhiteElo "2214"]
[BlackElo "2225"]

1.e4 c5 2.Nf3 Nc6 3.d4 cxd4 4.Nxd4 Qc7 5.Nc3 e6 6.Be3 a6 7.Bd3 Nf6 8.O-O Ne5
9.h3 Bc5 10.f4 d6 11.Qe1 Ng6 12.Kh1 O-O 13.Nf3 Bxe3 14.Qxe3 e5 15.fxe5 dxe5
16.Nd5 Nxd5 17.exd5 f5 18.Nd2 e4 19.Bc4 Qe5 20.c3 b5 21.Bb3 Bb7 22.Rad1 Rad8
23.c4 Kh8 24.Rf2 Rfe8 25.Re1 bxc4 26.Nxc4 Qxd5 27.Rd1 Qxd1+ 28.Bxd1 Rxd1+
29.Kh2 f4 30.Qb3 Rd7 31.Re2 e3 32.Qb6 Red8 33.h4 Bd5 34.Qxa6 Nxh4 35.Ne5 Re7
36.Qa5 Rde8 37.Rc2 h6 38.Kh3 Nf5 39.Ng6+ Kh7 40.Nxf4  1-0

[Event "Swidnica"]
[Site "Swidnica"]
[Date "1999.03.27"]
[Round "4"]
[White "Zezulkin, Jurij"]
[Black "Yakovich, Yuri"]
[Result "1/2-1/2"]
[WhiteElo "2473"]
[BlackElo "2565"]

1.e4 c5 2.Nf3 Nc6 3.d4 cxd4 4.Nxd4 Qc7 5.Nc3 e6 6.Be3 a6 7.Bd3 b5 8.O-O Bb7
9.Kh1 Nf6 10.Qe2 b4 11.Nb1 Nxd4 12.Bxd4 e5 13.Be3 Nxe4 14.Bf4 d5 15.f3 exf4
16.fxe4 dxe4 17.Bxe4 Be7 18.Bxb7 Qxb7 19.Rxf4 O-O 20.Nd2 Bg5 21.Rg4 Bf6 22.Nc4 Rfe8
23.Qf2 Re6 24.Rf1 Rae8 25.h3 Kh8 26.b3 h6 27.Rf4 Re2 28.Qg3 Qc7 29.Qd3 Re1
30.Rxe1 Rxe1+ 31.Rf1 Qe7 32.Kg1 Qc5+ 33.Kh1 Qf2 34.Rxe1 Qxe1+ 35.Kh2 g6 36.Qe3 Qh4
37.Nd6 Kg7 38.Ne8+ Kh7 39.Nxf6+ Qxf6 40.Qe4 Qd6+ 41.Kg1 Qc5+ 42.Kf1 Kg7 43.Ke2 a5
44.Kd2 f5 45.Qd3 Qc6 46.Qd4+ Kf7 47.Kd3 g5 48.Qe5 f4 49.Qf5+ Kg7 50.Qe5+ Kg6
51.h4 Kh5 52.hxg5 hxg5 53.Qh8+ Qh6 54.Qxh6+ Kxh6 55.c4 bxc3 56.Kxc3 Kh5 57.a3 Kg4
58.b4 axb4+ 59.axb4 Kg3 60.b5 Kxg2 61.b6 f3 62.b7 f2 63.b8=Q f1=Q 64.Qg8 Qf3+
65.Kb4 g4 66.Qa2+ Qf2 67.Qd5+  1/2-1/2

[Event "Mitropa Cup"]
[Site "Baden"]
[Date "1999.04.01"]
[Round "1"]
[White "Gallagher, Joseph G"]
[Black "Oral, Tomas"]
[Result "1-0"]
[WhiteElo "2519"]
[BlackElo "2521"]

1.e4 c5 2.Nf3 Nc6 3.d4 cxd4 4.Nxd4 Qc7 5.Nc3 e6 6.Be2 a6 7.O-O Nf6 8.Be3 Be7
9.f4 d6 10.Qe1 O-O 11.Qg3 Nxd4 12.Bxd4 b5 13.a3 Bb7 14.Kh1 Bc6 15.Rad1 Qb7
16.Bf3 Rac8 17.Rfe1 g6 18.Qh3 Rfd8 19.Rd3 Ne8 20.f5 e5 21.Be3 b4 22.axb4 Qxb4
23.Bd2 Qb7 24.Bg4 Rb8 25.fxg6 hxg6 26.Rf3 Nf6 27.Ref1 d5 28.Bg5 dxe4 29.Rxf6  1-0

[Event "Neckar op 3rd"]
[Site "Deizisau"]
[Date "1999.04.05"]
[Round "8"]
[White "Vuckovic, Aleksandar"]
[Black "Gustafsson, Jan"]
[Result "1/2-1/2"]
[WhiteElo "2320"]
[BlackElo "2416"]

1.e4 c5 2.Nf3 Nc6 3.d4 cxd4 4.Nxd4 Qc7 5.Nc3 e6 6.g3 a6 7.Bg2 Nf6 8.O-O Nxd4
9.Qxd4 Bc5 10.Qd3 d6 11.Na4 Ba7 12.Bf4 e5 13.Bg5 Be6 14.Bxf6 gxf6 15.Nc3 Bd4
16.Nd5 Bxd5 17.exd5 Bxb2 18.Rab1 Bd4 19.Bh3 h5 20.Bf5 b5 21.Rb3 Qc4 22.Qxc4 bxc4
23.Rb7 O-O 24.Rfb1 Rfe8 25.Rd7 Rad8 26.Rxd8 Rxd8 27.Kg2 Re8 28.f3 Re7 29.Kh3 Rc7
30.Rb8+ Kg7 31.Ra8 Rc5 32.Rxa6 Rxd5 33.Be4 Rb5 34.Rxd6 Ra5 35.Kh4 Rxa2 36.Kxh5 c3
37.Kg4 Bg1 38.h4 Bf2 39.Rc6 Ra1 40.Rxc3 Rg1 41.f4 exf4 42.Kxf4 Bd4 43.Rb3 Be5+
44.Kg4 Re1 45.Bf5 Rc1 46.h5 Kh6 47.Ra3 Rd1 48.Bd3 Rh1 49.Bc4 Rxh5 50.Bxf7 f5+
51.Kf3 Rg5 52.Kg2  1/2-1/2

[Event "Budapest FS04 GM"]
[Site "Budapest"]
[Date "1999.04.11"]
[Round "9"]
[White "Hoffmann, Michael"]
[Black "Csom, Istvan"]
[Result "1/2-1/2"]
[WhiteElo "2407"]
[BlackElo "2455"]

1.e4 c5 2.Nf3 Nc6 3.d4 cxd4 4.Nxd4 Qb6 5.Nb3 Nf6 6.Nc3 e6 7.Bd3 Be7 8.Be3 Qc7
9.f4 d6 10.O-O a6 11.Qf3 Nb4 12.Qg3 Nh5 13.Qh3 Nf6 14.a3 Nc6 15.Qg3 Nh5 16.Qf3 Nf6
17.Rae1 Rb8 18.e5 dxe5 19.fxe5 Nxe5 20.Qg3 Nh5 21.Qh3 Nf6 22.Qg3 Nh5 23.Qh3  1/2-1/2

[Event "St Petersburg-ch (Women)"]
[Site "St Petersburg"]
[Date "1999.04.11"]
[Round "6"]
[White "Aseeva, Marina"]
[Black "Sakaeva, N."]
[Result "1-0"]
[WhiteElo "2130"]
[BlackElo "2015"]

1.e4 c5 2.Nf3 Nc6 3.d4 cxd4 4.Nxd4 Qb6 5.Nb3 Nf6 6.Nc3 e6 7.Be3 Qc7 8.f4 d6
9.Qf3 a6 10.O-O-O Be7 11.g4 g5 12.fxg5 Ne5 13.Qg3 Nfd7 14.h4 b5 15.Kb1 Bb7
16.Bd3 b4 17.Ne2 Rg8 18.Nbd4 Nc5 19.Rhf1 Bxe4 20.Bxe4 Nxe4 21.Qg2 Qb7 22.Qh3 Nc5
23.Bc1 a5 24.Nf3 Ncd7 25.Nxe5 Nxe5 26.Nd4 Rc8 27.Qb3 Qd7 28.Nf3 Nxf3 29.Rxf3 d5
30.Rdf1 Rg7 31.Qd3 Rc4 32.h5 e5 33.h6 Rg6 34.Rxf7 e4 35.Qg3 Rgc6 36.Rxh7 Qe6
37.Qb8+ Rc8 38.Qb5+ R4c6 39.Rh8+ Kd7 40.Rxc8 Kxc8  1-0

[Event "Dubai op"]
[Site "Dubai"]
[Date "1999.05.03"]
[Round "3"]
[White "Fouad, Hadi"]
[Black "Fahed, Ahmad"]
[Result "1-0"]
[WhiteElo "2158"]
[BlackElo "2016"]

1.e4 c5 2.Nf3 Nc6 3.d4 cxd4 4.Nxd4 Qb6 5.Nb3 Nf6 6.Nc3 e6 7.Be3 Qc7 8.a3 a6
9.Qd2 Be7 10.Bf4 e5 11.Be3 d6 12.f3 Be6 13.Nd5 Bxd5 14.exd5 Nb8 15.g4 h6
16.O-O-O Nbd7 17.Kb1 Rc8 18.Bh3 g5 19.Bf1 Nb6 20.c4 Nfd7 21.Bd3 Na4 22.Bf5 Rd8
23.h4 gxh4 24.Bxh6 Qxc4 25.Na5 Qb5 26.g5 Nf8 27.b4 Ng6 28.Ka1 Rb8 29.Qc2 Rg8
30.Rc1 Bd8 31.Nc4 Be7 32.Rhe1 Nb6 33.Nxb6 Qxb6 34.Ka2 a5 35.Qa4+  1-0

[Event "Capablanca mem Premier I"]
[Site "Havana"]
[Date "1999.05.10"]
[Round "4"]
[White "Herrera, Irisberto"]
[Black "Franco Ocampos, F."]
[Result "1/2-1/2"]
[WhiteElo "2450"]
[BlackElo "2463"]

1.e4 c5 2.Nf3 Nc6 3.d4 cxd4 4.Nxd4 Qc7 5.Nc3 e6 6.Be2 a6 7.Be3 b5 8.O-O Bb7
9.Nb3 Nf6 10.a3 d6 11.f4 Be7 12.Bd3 O-O 13.Qf3 Rfe8 14.Qh3 Bf8 15.Kh1 b4
16.axb4 Nxb4 17.Na5 Nxd3 18.cxd3 Rac8 19.Rfc1 Qb8  1/2-1/2

[Event "Capablanca mem Premier I"]
[Site "Havana"]
[Date "1999.05.15"]
[Round "8"]
[White "Otero, Diosmany"]
[Black "Franco Ocampos, F."]
[Result "1/2-1/2"]
[WhiteElo "2403"]
[BlackElo "2463"]

1.e4 c5 2.Nf3 Nc6 3.d4 cxd4 4.Nxd4 Qc7 5.Be3 e6 6.Nc3 a6 7.Bd3 b5 8.Nxc6 Qxc6
9.Qe2 Ba3 10.Nd1 Be7 11.Bd4 Nf6 12.e5 Nd5 13.Be4 Bb7 14.c3 Qc7 15.a4 O-O
16.axb5 axb5 17.Rxa8 Bxa8 18.O-O Nf4  1/2-1/2

[Event "CRO-Cup (Women)"]
[Site "Pula"]
[Date "1999.05.25"]
[Round "2"]
[White "Roschina, Tatiana"]
[Black "Puljek Salai, Zorica"]
[Result "1/2-1/2"]
[WhiteElo "2245"]
[BlackElo "2275"]

1.e4 c5 2.Nf3 Nc6 3.d4 cxd4 4.Nxd4 Qb6 5.Nb3 Nf6 6.Nc3 e6 7.a3 Be7 8.Bf4 e5
9.Bg5 O-O 10.Be2 a6 11.O-O Re8 12.Qd3 Qd8 13.Rfd1 b5 14.Bxf6 Bxf6 15.Bg4 Ra7
16.Nd5 Be7 17.Nxe7+ Qxe7 18.Qh3 Rc7 19.c3 Rd8 20.Rd5 Nb8 21.Qg3 f6 22.Na5 Nc6
23.Nxc6 dxc6 24.Rxd8+ Qxd8 25.Rd1 Qe7 26.Bxc8 Rxc8 27.Qd3 Kf8 28.Qd7 Rc7
29.Qh3 h6 30.g3  1/2-1/2

[Event "CRO-Cup"]
[Site "Pula"]
[Date "1999.05.25"]
[Round "2"]
[White "Zelenika, Srdjan"]
[Black "Zivkovic, Vjekoslav"]
[Result "1/2-1/2"]
[WhiteElo "2266"]
[BlackElo "2275"]

1.e4 c5 2.Nf3 Nc6 3.d4 cxd4 4.Nxd4 Qc7 5.Nc3 e6 6.Be2 a6 7.O-O Nf6 8.Kh1 d6
9.f4 Be7 10.a4 O-O 11.Be3 Re8 12.Bf3 Rb8 13.g4 Bf8 14.g5 Nd7 15.Bg2 g6 16.Qe1 Bg7
17.Rd1 Nxd4 18.Bxd4 Bxd4 19.Rxd4 b5 20.axb5 axb5 21.b4 Ba6 22.Rf3 Nb6 23.Rfd3  1/2-1/2

[Event "Pula op 13th"]
[Site "Pula"]
[Date "1999.06.08"]
[Round "9"]
[White "Kinez, Ivo"]
[Black "Vukelic, Tomislav"]
[Result "1-0"]
[WhiteElo "2080"]
[BlackElo "2319"]

1.e4 c5 2.Nf3 Nc6 3.d4 cxd4 4.Nxd4 Qb6 5.Nxc6 Qxc6 6.Nc3 a6 7.Bd3 e6 8.O-O Ne7
9.Qe2 Ng6 10.f4 Bc5+ 11.Kh1 d6 12.Be3 f6 13.Bxc5 dxc5 14.Rad1 O-O 15.a4 Qc7
16.e5 f5 17.Bc4 Rd8 18.Rxd8+ Qxd8 19.Rd1 Qe7 20.Qf3 Nf8 21.Rd6 Rb8 22.Qe3 b6
23.Qd3 a5 24.Qxf5 Bd7 25.Qd3 Be8 26.f5 Bf7 27.fxe6 Bg6 28.Qe2 Kh8 29.Nd5 Qe8
30.e7 Nd7 31.Bb5 Rb7 32.e6  1-0